Statystyki dla Gospodarze Mundiali (1930-2026)

Kliknij tutaj aby rozwiązać quiz!

Ogólne statystyki

  • Ten quiz został rozwiązany 943 razy
  • Średni wynik to 21 z 23

Statystyki odpowiedzi

RokGospodarz% Poprawnych
2014Brazylia
99%
1950Brazylia
99%
2018Rosja
99%
2022Katar
98%
2006Niemcy
98%
1974Niemcy
98%
2026Kanada/USA/Meksyk
97%
1938Francja
96%
1998Francja
96%
1978Argentyna
94%
1994USA
93%
1990Włochy
93%
1934Włochy
93%
1982Hiszpania
92%
2002Korea Południowa/Japonia
92%
1930Urugwaj
92%
2010RPA
91%
1986Meksyk
87%
1970Meksyk
87%
1966Anglia
85%
1958Szwecja
74%
1962Chile
64%
1954Szwajcaria
54%

Rozkład punktacji

Percentyl według liczby udzielonych odpowiedzi

Procent ludzi z każdym wynikiem

Twoja historia wyników

Nie rozwiązałeś tego quizu